| 000 | 01695cam a2200337 a 4500 | ||
|---|---|---|---|
| 003 | EG-GiCUC | ||
| 005 | 20250223030330.0 | ||
| 008 | 110102s2007 ua dh f m 000 0 eng d | ||
| 040 |
_aEG-GiCUC _beng _cEG-GiCUC |
||
| 041 | 0 | _aeng | |
| 049 | _aDeposite | ||
| 097 | _aM.Sc | ||
| 099 | _aCai01.09.03.M.Sc.2007.Sh.B | ||
| 100 | 0 | _aShereen Farouk Mohamed | |
| 245 | 1 | 0 |
_aBnoding to demineralized dentin using self - etching adhesive systems / _cShereen Farouk Mohamed ; Supervised Dalia Mostafa Mohamed Aboulmagd , Dina Wafik Mahmoud Elkassas |
| 246 | 1 | 5 | _aقوة ربط العاج منزوع المعادن باستخدام أنظمة اللاصق ذاتى الخرخشة |
| 260 |
_aCairo : _bShereen Farouk Mohamed , _c2007 |
||
| 300 |
_a107Leaves : _bcharts , facsimiles ; _c30cm |
||
| 502 | _aThesis (M.Sc.) - Cairo University - Faculty of Oral and Dental Medicine - Department of Operative Dentistry | ||
| 520 | _aThe aim of this study was to assess the bonding to demineralized dentin using self - etching adhesive ststems . The buccal dentin surfaces of 136 extracted , human permanent molars were used , 120 for shear bond strength testing and 16 for scanning electron microscopic examination . Teeth were divided into four groups according to the dentin surface treatment | ||
| 530 | _aIssued also as CD | ||
| 653 | 4 | _aCaries - affected dentin | |
| 653 | 4 | _aDemineralized dentin | |
| 653 | 4 | _aSelf - etching adhesive | |
| 700 | 0 |
_aDalia Mostafa Mohamed Aboulmagd , _eSupervisor |
|
| 700 | 0 |
_aDina Wafik Mahmoud Elkassas , _eSupervisor |
|
| 856 | _uhttp://172.23.153.220/th.pdf | ||
| 905 |
_aFatma _eCataloger |
||
| 905 |
_aNazla _eRevisor |
||
| 942 |
_2ddc _cTH |
||
| 999 |
_c32458 _d32458 |
||